The Doctrines of grace and kindred themes /

محفوظ في:
التفاصيل البيبلوغرافية
المؤلف الرئيسي: Bishop, George Sayles
التنسيق: كتاب
اللغة:الإنجليزية
منشور في: U.S.A : Bible Truth Depot.
الموضوعات:
الوسوم: إضافة وسم
لا توجد وسوم, كن أول من يضع وسما على هذه التسجيلة!

MARC

LEADER 00000cam a22000002a 4500
001 0000005797
003 DAYSTAR
005 20171002014357.0
008 030703s xx 001 0 eng d
040 |a Daystar  |d COnyango 
050 0 0 |a BT761.2  |b .B55 
100 1 |a Bishop, George Sayles. 
245 1 4 |a The Doctrines of grace and kindred themes /  |c George Sayles Bishop. 
260 |a U.S.A :  |b Bible Truth Depot. 
300 |a 509 p. 
650 0 |a Grace(Theology) 
908 |a 060412 
942 |c G 
952 |0 0  |1 0  |4 0  |6 BT_761_200000000000000_B55  |7 0  |9 1459  |a DUN  |b DUN  |c GC  |d 2017-09-28  |l 0  |o BT761.2.B55  |p BK028705  |r 2017-09-28 00:00:00  |w 2017-09-28  |x 32191  |y G 
999 |c 971  |d 971